[Event "BCF-chT3S 1314 (4NCL)"]
[Site "England"]
[Date "2013.11.17"]
[Round "2.195"]
[White "Basham, Edward P"]
[Black "Bansal, Rohan"]
[Result "0-1"]
[WhiteElo "1878"]
[BlackElo "1839"]
[PlyCount "116"]
[EventDate "2013.11.16"]
[EventType "team-swiss"]
[EventRounds "6"]
[EventCountry "ENG"]
[SourceTitle "CBM 157 Extra"]
[Source "ChessBase"]
[SourceDate "2013.12.19"]
[SourceVersion "1"]
[SourceVersionDate "2013.12.19"]
[SourceQuality "1"]
[WhiteTeam "Bucks Juniors"]
[BlackTeam "KJCA Knights"]
[WhiteTeamCountry "ENG"]
[BlackTeamCountry "ENG"]

1. e4 Nc6 2. d4 d5 3. e5 Bf5 4. Nf3 e6 5. Nc3 Bb4 6. Bd3 Nge7 7. 0-0 Bg4 8. Be3 Nf5 9. Bxf5 Bxf5 10. Ne2 Qd7 11. a3 Be7 12. b4 f6 13. Bf4 Bg4 14. Qd3 0-0-0 15. Rfd1 Rhf8 16. c4 Bxf3 17. gxf3 g5 18. exf6 Bxf6 19. Bg3 h5 20. b5 Na5 21. cxd5 exd5 22. Rac1 Nc4 23. Qb3 h4 24. Be5 Bxe5 25. dxe5 Nxe5 26. Nd4 Nxf3+ 27. Nxf3 Qg4+ 28. Kh1 Qxf3+ 29. Qxf3 Rxf3 30. Rc5 Rf5 31. Kg2 b6 32. Rc6 Rdf8 33. Rd2 Kb7 34. a4 g4 35. Rdc2 R8f7 36. Re2 Rf3 37. Rg6 h3+ 38. Kf1 R7f4 39. Rg5 d4 40. Rg8 d3 41. Ree8 Rxf2+ 42. Ke1 Re2+ 43. Rxe2 dxe2 44. Kxe2 Rxa4 45. Kf2 Ra2+ 46. Kg3 Rg2+ 47. Kf4 Rxh2 48. Rxg4 Rb2 49. Rg5 h2 50. Rh5 Rxb5 51. Rxh2 a5 52. Ke4 a4 53. Kd4 Rb3 54. Ra2 b5 55. Kc5 a3 56. Ra1 b4 57. Kc4 Rb2 58. Kc5 a2 0-1